Countries More Populous Than Spain - Sudden Death - Statistics

General Stats
  • This quiz has been taken 264 times
  • The average score is 10 of 20
Answers on the Grid
Answers color-coded by a green-red scale on the quiz's grid according to % correct below.
Algeria
Argentina
Australia
Bangladesh
Canada
Chile
Colombia
Ethiopia
France
Germany
Iran
Iraq
Italy
Japan
Kenya
Malaysia
Mexico
Morocco
Myanmar
Niger
North Korea
Pakistan
Peru
Philippines
Poland
Saudi Arabia
South Africa
South Korea
Tanzania
Thailand
Uganda
United Kingdom
Venezuela
Vietnam
Yemen
Zambia
 
Answer Stats
Answer % Correct
Bangladesh
74%
Mexico
73%
Germany
71%
France
69%
Japan
66%
Iran
63%
Ethiopia
62%
United Kingdom
58%
Pakistan
53%
Philippines
53%
Thailand
52%
Vietnam
50%
Italy
46%
Colombia
43%
South Africa
43%
South Korea
39%
Tanzania
37%
Kenya
32%
Uganda
24%
Myanmar
19%
No matching quizzes found
Score Distribution
Percent of People with Each Score
Percentile by Number Answered
Your Score History
You have not taken this quiz